000 00730nkm a2200253 a 4500
999 _c1985
_d1985
007 kk coi
008 200123s2006 xxk||||g ||||i 0| zaeng d
020 _a9789280142259
_c£ 10.00
020 _a9280142259
040 _aKO
_beng
041 0 _aeng
044 _axxk
082 0 4 _223
_a623.8886
_bIn858
110 2 _aInternational Maritime Organization
245 1 0 _aGraphical Symbols for Shipboard Fire Control Plans
260 _aLondon :
_bInternational Maritime Organization,
_c2006
300 _a2 posters :
_bcol. ;
_c30 x 62 cm. - 59 x 83 cm.
650 0 _aFire extinction
_xPosters
650 0 _aShips
_xFires and fire prevention
_xPosters
904 _aRUDRA_R
905 _aR_RANJAN
942 _cPO